El Inca Garcilaso y la emancipación (Registro nro. 53072)
[ vista simple ]
| 000 -LEADER | |
|---|---|
| campo de control de longitud fija | 01594nam a2200373 i 4500 |
| 001 - NÚMERO DE CONTROL | |
| campo de control | C00612561 |
| 003 - IDENTIFICADOR DE NÚMERO DE CONTROL | |
| campo de control | OSt |
| 005 - FECHA Y HORA DE LA ÚLTIMA TRANSACCIÓN | |
| campo de control | 20230615200403.0 |
| 007 - CAMPO FIJO DE DESCRIPCIÓN FÍSICA--INFORMACIÓN GENERAL | |
| campo de control de longitud fija | ta |
| 008 - DATOS DE LONGITUD FIJA--INFORMACIÓN GENERAL | |
| campo de control de longitud fija | 221027s2022 pe gr 000 0 spa d |
| 017 ## - NÚMERO DE COPYRIGHT O DE DEPÓSITO LEGAL | |
| Número de copyright o de depósito legal | 2022-05124 |
| 020 ## - NÚMERO INTERNACIONAL ESTÁNDAR DEL LIBRO | |
| Número Internacional Estándar del Libro | 9876124194283 |
| 037 ## - FUENTE DE ADQUISICIÓN | |
| Número de adquisición | sin mediación |
| 040 ## - FUENTE DE CATALOGACIÓN | |
| Centro catalogador/agencia de origen | pelibn |
| Lengua de catalogación | spa |
| Normas de descripción | rda |
| Centro/agencia transcriptor | UMCH |
| 082 04 - NÚMERO DE LA CLASIFICACIÓN DECIMAL DEWEY | |
| Número de clasificación | 985.0093 |
| 100 1# - ENTRADA PRINCIPAL--NOMBRE DE PERSONA | |
| Nombre de persona | González Vigil, Ricardo |
| Término indicativo de función/relación | Autor |
| 245 10 - MENCIÓN DEL TÍTULO | |
| Título | El Inca Garcilaso y la emancipación |
| Mención de responsabilidad, etc. | Ricardo González Vigil |
| 250 ## - MENCION DE EDICION | |
| Mención de edición | primera edición |
| 260 ## - PUBLICACIÓN, DISTRIBUCIÓN, ETC. | |
| Lugar de publicación, distribución, etc. | Lima |
| Nombre del editor, distribuidor, etc. | Universidad Marcelino Champagnat |
| Fecha de publicación, distribución, etc. | 2022 |
| 264 ## - PRODUCCIÓN, PUBLICACIÓN, DISTRIBUCIÓN, FABRICACIÓN Y COPYRIGHT | |
| Nombre del de productor, editor, distribuidor, fabricante | |
| 300 ## - DESCRIPCIÓN FÍSICA | |
| Extensión | 204 páginas |
| Dimensiones | 26 cm. |
| 500 ## - NOTA GENERAL | |
| Nota general | Antología de estudios sobre el carácter disidente y anticolonial de los escritos del insigne cronista cusqueño abordan su resonancia en las rebeliones indígenas y en la llamada utopía andina, destacando ahí el levantamiento de Túpac Amaru II; y en los gestores de la independencia peruana y, en general, hispanoamericana, con los ejemplos mayores de los precursores. |
| 504 ## - NOTA DE BIBLIOGRAFÍA, ETC. | |
| Nota de bibliografía, etc. | bibliografía: páginas 53-55,117-124, 174-176 |
| 505 0# - NOTA DE CONTENIDO CON FORMATO | |
| Nota de contenido con formato | Parte I. Garcilaso comentado -- Parte II. Estudiosos de Garcilaso |
| 600 14 - PUNTO DE ACCESO ADICIONAL DE MATERIA--NOMBRE DE PERSONA | |
| Nombre de persona | Garcilaso de la Vega |
| Fechas asociadas al nombre | 1539-1616 |
| Título de la obra | Comentarios reales |
| 650 14 - PUNTO DE ACCESO ADICIONAL DE MATERIA--TÉRMINO DE MATERIA | |
| Término de materia o nombre geográfico como elemento de entrada | Incas |
| 651 #4 - PUNTO DE ACCESO ADICIONAL DE MATERIA--NOMBRE GEOGRÁFICO | |
| Nombre geográfico | Perú |
| Subdivisión general | Historia |
| Subdivisión cronológica | Emancipación, 1808-1824 |
| 710 2# - ENTRADA AGREGADA--NOMBRE DE ENTIDAD CORPORATIVA | |
| Nombre de entidad corporativa o nombre de jurisdicción como elemento de entrada | Universidad Marcelino Champagnat (Lima) |
| Término indicativo de función/relación | entidad editora |
| 942 ## - ELEMENTOS DE ENTRADA SECUNDARIOS (KOHA) | |
| Fuente del sistema de clasificación o colocación | Clasificación Decimal Dewey |
| Tipo de ítem Koha | Libros UMCH |
| Suprimir en OPAC | No |
| Parte de la signatura que corresponde a la clasificación (Parte de la clasificación) | 985.0093/G69 |
| Estatus retirado | Estado de pérdida | Fuente del sistema de clasificación o colocación | Estado de daño | No para préstamo | Biblioteca de origen | Biblioteca actual | Fecha de adquisición | Fuente de adquisición | Total checkouts | Signatura topográfica completa | Código de barras | Visto por última vez | Precio de reemplazo | Tipo de ítem Koha | Nota pública | Copia número |
|---|---|---|---|---|---|---|---|---|---|---|---|---|---|---|---|---|
| Clasificación Decimal Dewey | Biblioteca Central | Biblioteca Central | 22/04/2023 | UMCH | U/985.0093/G69 | 035019 | 22/04/2023 | 22/04/2023 | Libros UMCH | Publicación UMCH | ||||||
| Clasificación Decimal Dewey | Biblioteca Central | Biblioteca Central | 22/04/2023 | UMCH | U/985.0093/G69 | 035023 | 22/04/2023 | 22/04/2023 | Libros UMCH | Publicación UMCH | Ej. 2 |

